000 01284nam a22003377a 4500
001 15203795
005 20240305150132.0
008 240305b ||||| |||| 00| 0 eng d
010 _a 2008313520
020 _a9789749863374
040 _aDLC
_cSSBUL
042 _alcode
043 _aa-th---
_aa-br---
050 0 0 _aDS530.5.S26
_bA3 2008
082 _223
_a959.116
_bSa
100 0 _aSanda,
_cSao
_d1928-
_913195
245 1 4 _aThe moon princess :
_bmemories of the Shan States /
_cSao Sanda.
260 _aBangkok :
_bRiver Books,
_c2008.
300 _a309 pages :
_billustrations, maps, photos ;
_c24 cm.
500 _aS-SAT: Prof. Sai Aung Tun
504 _aIncludes bibliographical references (p. 300-301) and index.
600 0 0 _aSao Sanda,
_d1928-
_97832
650 0 _aPrincesses
_zBurma
_zShan State
_vBiography.
_97833
651 0 _aShan State (Burma)
_xHistory
_y20th century.
_97834
651 0 _aShan State (Burma)
_xPolitics and government
_y20th century.
_97835
651 0 _aBurma
_xHistory.
651 0 _aBurma
_xPolitics and government.
_97836
906 _a7
_bcbc
_corigode
_d3
_encip
_f20
_gy-gencatlg
942 _2ddc
_cBK1
999 _c32343
_d32343